| 000 | 00623nam a2200193 i 4500 | ||
|---|---|---|---|
| 001 | 45180 | ||
| 003 | ES-MaACL | ||
| 005 | 20250821111319.0 | ||
| 007 | t| | ||
| 008 | 030325s1973 sp ||||1| spa d | ||
| 100 | 1 |
_aCoe, Rodney M. _939450 |
|
| 245 | 1 | 0 |
_aSociología de la Medicina / _cRodney M. Coe ; versión Luis García Ballester y R. María Martínez Silvestre. |
| 260 |
_a[Madrid] : _bAlianza, _c[1973] |
||
| 300 |
_a439 p. ; _c20 cm. |
||
| 700 | 1 |
_aGarcía Ballester, Luis, _d1936-2000 _954214 |
|
| 700 | 0 |
_aMartínez Silvestre, Rosa. _978434 |
|
| 852 |
_aES-MaACL _jC-53655 _bR.86915 |
||
| 999 |
_c45180 _d45180 |
||